Selected dohas: (Record no. 13087)

MARC details
000 -LEADER
fixed length control field 00812nam a22002177a 4500
005 - DATE AND TIME OF LATEST TRANSACTION
control field 20080529095227.0
008 - FIXED-LENGTH DATA ELEMENTS--GENERAL INFORMATION
fixed length control field 080529t xxu||||| |||| 00| p eng d
010 ## - LIBRARY OF CONGRESS CONTROL NUMBER
LC control number ENG-90231
020 ## - INTERNATIONAL STANDARD BOOK NUMBER
International Standard Book Number 8183821553
Terms of availability 295.00
035 ## - SYSTEM CONTROL NUMBER
System control number EN-73764
037 ## - SOURCE OF ACQUISITION
Source of stock number/acquisition DBAD / PUB
040 ## - CATALOGING SOURCE
Original cataloging agency DPL
Language of cataloging EN
082 ## - DEWEY DECIMAL CLASSIFICATION NUMBER
Classification number 821
100 ## - MAIN ENTRY--PERSONAL NAME
Personal name Kanda, K.C.
245 ## - TITLE STATEMENT
Title Selected dohas:
Remainder of title Kabir, Tulsidas, Rahim Khankhana, Varind Kavi and Sheikh Farid /
Statement of responsibility, etc by K.C. Kanda
260 ## - PUBLICATION, DISTRIBUTION, ETC. (IMPRINT)
Place of publication, distribution, etc New Delhi
Name of publisher, distributor, etc Lotus Press
Date of publication, distribution, etc 2008
300 ## - PHYSICAL DESCRIPTION
Extent 187p.
Dimensions 22 cm (pbk)
500 ## - GENERAL NOTE
General note Written in Hindi, translated into english and transliterated in the Roman script
942 ## - ADDED ENTRY ELEMENTS (KOHA)
Source of classification or shelving scheme Dewey Decimal Classification
Koha item type English Books
Classification part 821
Call number suffix KAN
Holdings
Withdrawn status Lost status Damaged status Not for loan Collection code Home library Current library Date acquired Source of acquisition Cost, normal purchase price Total Checkouts Full call number Barcode Date last seen Copy number Cost, replacement price Price effective from Koha item type
      Not For Loan Non-fiction D.B.Act.Division D.B.Act.Division 29/05/2008 DBAD / PUB 295.00   821 KAN EN-73764 15/09/2008 1 295.00 15/09/2008 English Books

© Delhi Public Library
Hit Counter
free hit counter